000 00722nam a2200217 i 4500
001 52915
003 ES-MaACL
005 20250913153947.0
007 t|
008 030910s1970 sp ||||1| spa d
080 _a37.03:176
100 1 _aDelarge, Bernarda.
_9173799
245 1 3 _aLa educación sexual de nuestros hijos /
_cBernarda Delarge ; prólogo del doctor Eck ; traducción por Felipe Ximénez de Sandoval.
260 _aMadrid :
_bStudium,
_c[1970]
300 _a68 p. ;
_c19 cm.
650 7 _aEducación sexual de niños
_2embne
_912122
700 1 _aEck, Marcel.
_946596
700 1 _aXiménez de Sandoval, Felipe,
_d1903-1978
_9117510
852 4 _aES-MaACL
_jC-50093
999 _c52915
_d52915